Financial management and management accounting / (Record no. 1095)

MARC details
000 -LEADER
fixed length control field 00705nac a22001931u 4500
020 ## - INTERNATIONAL STANDARD BOOK NUMBER
International Standard Book Number 8176631736
082 ## - DEWEY DECIMAL CLASSIFICATION NUMBER
Classification number 658.1508
Item number S5313
090 ## - LOCALLY ASSIGNED LC-TYPE CALL NUMBER (OCLC); LOCAL CALL NUMBER (OCLC)
-- 1095
-- 1095
100 ## - MAIN ENTRY--PERSONAL NAME
Personal name Sharma, R.K.
245 ## - TITLE STATEMENT
Title Financial management and management accounting /
Statement of responsibility, etc R.K.Sharma, Shashi Gupta.
250 ## - EDITION STATEMENT
Edition statement 1st ed.
260 ## - PUBLICATION, DISTRIBUTION, ETC. (IMPRINT)
Place of publication, distribution, etc New Delhi :
Name of publisher, distributor, etc Kalyani publishers,
Date of publication, distribution, etc 1999.
300 ## - PHYSICAL DESCRIPTION
Extent 1 v. (various pagings) :
Other physical details Diagrams,
Dimensions 24 cm.
650 ## - SUBJECT ADDED ENTRY--TOPICAL TERM
Topical term or geographic name as entry element Corporations
General subdivision Finance.
650 ## - SUBJECT ADDED ENTRY--TOPICAL TERM
Topical term or geographic name as entry element Accounting.
700 ## - ADDED ENTRY--PERSONAL NAME
Personal name Gupta, Shashi.
942 ## - ADDED ENTRY ELEMENTS (KOHA)
Item type Book - Borrowing
Call number prefix 658.1508S5313
Holdings
Withdrawn status Item status Source of classification or shelving scheme Damaged status Not for loan Vendor Home library Current library Shelving location Date acquired Source of acquisition Cost, normal purchase price Total Checkouts Full call number Barcode Date last seen Date last borrowed Cost, replacement price Koha item type
    Dewey Decimal Classification       Central Library Central Library First floor 21/08/2006   60.00 1 658.1508 SHA 000003400 15/07/2025 19/01/2009 75.00 Book - Borrowing